The influence of medical and legal authorities on deaths facilitated by physicians

Saved in:  
Bibliographic Details
Authors: Phillips, David P. (Author) ; Steinberg, Alycia (Author) ; Glynn, Laura M. (Author) ; Christenfeld, Nicholas (Author)
Format: Print Article
Language:English
Published: 1999
In:Enthalten in: Suicide and Life-Threatening Behavior (1943-278X) 29 (1999), 1, Seite 48-57
Check availability: HBZ Gateway

MARC

LEADER 00000caa a22000002c 4500
001 191259093X
003 DE-627
005 20250126055016.0
007 tu
008 241217s1999 xx ||||| 00| ||eng c
035 |a (DE-627)191259093X 
035 |a (DE-599)KXP191259093X 
040 |a DE-627  |b ger  |c DE-627  |e rda 
041 |a eng 
084 |a 2,1  |2 ssgn 
100 1 |a Phillips, David P.  |e VerfasserIn  |4 aut 
245 1 4 |a The influence of medical and legal authorities on deaths facilitated by physicians 
264 1 |c 1999 
336 |a Text  |b txt  |2 rdacontent 
337 |a ohne Hilfsmittel zu benutzen  |b n  |2 rdamedia 
338 |a Band  |b nc  |2 rdacarrier 
700 1 |a Steinberg, Alycia  |e VerfasserIn  |4 aut 
700 1 |a Glynn, Laura M.  |e VerfasserIn  |4 aut 
700 1 |a Christenfeld, Nicholas  |e VerfasserIn  |4 aut 
773 0 8 |i Enthalten in  |t Suicide and Life-Threatening Behavior  |g 29 (1999), 1, Seite 48-57  |x 1943-278X 
773 1 8 |g volume:29  |g year:1999  |g number:1  |g pages:48-57 
787 0 8 |i Forschungsdaten  |a United States Department of Health and Human Services. Centers for Disease Control and Prevention. National Center for Health Statistics  |t Mortality Detail Files, 1968-1991  |d [Erscheinungsort nicht ermittelbar] : [Verlag nicht ermittelbar], 1984  |w (DE-627)1840053437 
935 |a mkri 
951 |a AR 
ELC |b 1 
LOK |0 000 xxxxxcx a22 zn 4500 
LOK |0 001 4637556430 
LOK |0 003 DE-627 
LOK |0 004 191259093X 
LOK |0 005 20241217044609 
LOK |0 008 241217||||||||||||||||ger||||||| 
LOK |0 035   |a (DE-2619)ICPSR24440 
LOK |0 040   |a DE-2619  |c DE-627  |d DE-2619 
LOK |0 092   |o n 
LOK |0 852   |a DE-2619 
LOK |0 852 1  |9 00 
LOK |0 935   |a uvkn  |a nacp 
LOK |0 939   |a 17-12-24  |b l01 
ORI |a SA-MARC-krimdoka001.raw